000 00677cab a2200241 4500
001 ABS46707
008 090401t1992 xxu||||| |||| 00| 0 eng d
035 _a(Sirsi) u59289
041 _aeng
100 _aFidler, J.
245 _aThat sinking feeling
260 _c1992
350 _a0
490 _aTraditional Homes
_vAugust 1992, 67-69(3)
520 _aDescribe ways of detecting subsidence and settlement and remedies for the problem. Useful addresses.
650 _aDETECTION
650 _aMONITORING
650 _aSUBSIDENCE
650 _aUNDERPINNING
690 _aBUILDING AND CONSTRUCTION-REPAIRS AND MAINTENANCE
942 _n0
948 _c04/03/1997
999 _c36366
_d36366